| 000 | 00602nam a2200193Ia 4500 | ||
|---|---|---|---|
| 005 | 20250508165711.0 | ||
| 008 | 008 250505s9999 xx 000 0 eng d | ||
| 037 | _aTheses | ||
| 040 |
_aFEDL _beng _cFEDL |
||
| 041 |
_aeng _2eng |
||
| 084 |
_a420.7, ABD/TH _qFEDL |
||
| 100 |
_aAbdalla Haytham Othman Hassan _9781659 |
||
| 245 | 0 | _aCohesion and coherence in the writings os sudanese EFL learners | |
| 260 | _c2013 | ||
| 300 | _ax, 176p. | ||
| 546 | _aPh.D Thesis (EFL University Hyderabad); Gifted by Prof. Rama Mathew | ||
| 942 |
_cTH _h420.7, ABD/TH |
||
| 999 |
_c1396841 _d1396841 |
||